| 000 | 00831nam a22002177a 4500 | ||
|---|---|---|---|
| 999 |
_c1226 _d1226 |
||
| 003 | AR-CdUCM | ||
| 008 | 190226b ||||| |||| 00| 0 spa d | ||
| 040 |
_aMUNICIPALIDAD PROVINCIAL DEL CUSCO _cBIBLIOTECA MUNICIPAL DEL CUSCO |
||
| 082 |
_a334.68 / _bAB11 |
||
| 100 |
_aAbad Pacheco, Marcial _94786 |
||
| 245 | _aManual de gestión cooperativa / | ||
| 260 |
_aApurímac : _bGrupo Voluntario Civil, _c2011. |
||
| 300 |
_a171 páginas ; _c21 cm. |
||
| 505 | _aContenido: Cooperación y cooperativismo -- Los socialistas utópicos y el cooperativismo -- Cooperativismo en el Perú -- El cooperativismo peruano en el periodo de gobierno militar 1968-1980 ... | ||
| 650 |
_aCooperativas _94787 |
||
| 650 |
_aPerú _935 |
||
| 650 |
_aEmpresa _9826 |
||
| 650 |
_aApurimac _91025 |
||
| 942 |
_2ddc _cLIBROS |
||
| 945 |
_alccs _d2019-02-26 |
||